000 00626nam a2200241Ia 4500
003 OSt
005 20220918202458.0
006 a|||||r|||| 00| 0
007 ta
008 220917b |||||||| |||| 00| 0 eng d
024 _a101,535
037 _cTextual
040 _aARTS
_cARTS
_beng
041 _2eng
_aeng
082 _aV2,21.N7, M3-;2
100 _aPal R N
_9103959
245 0 _aOffice of the Prime Minister in India
260 _aNew Delhi
_bGhanshyam India
_c1983
300 _a279p.
_ccm.
650 _aHISTORY
942 _hV2,21.N7, M3-;2
_cTEXL
_2CC
999 _c225016
_d225016